000
00278nam a2200121Ia 4500
008
191201s2014 xx 000 0 und d
100
_a
KUROSE, James F
245
0
_a
Computer Networking
260
_a
N. Delhi
_b
Pearson
_c
2014
300
_a
888
650
_a
MCA
942
_2
ddc
_c
BK
999
_c
6089
_d
6089